[Event "Czech Republic (ch)"]
[Site "Kunzak, Czech Republic"]
[Date "2001.05.08"]
[Round "1"]
[White "Vokac, Marek"]
[Black "Navara, David"]
[Result "1/2-1/2"]
[WhiteElo "2480"]
[BlackElo "2479"]
[PlyCount "98"]
[EventDate "2001.05.08"]
[SourceDate "2001.05.08"]

1. c4 g6 2. Nc3 c5 3. g3 Bg7 4. Bg2 Nc6 5. f4 e6 6. d3 Nge7 7. e4 O-O 8. Nf3 d5
9. O-O dxc4 10. dxc4 Bxc3 11. bxc3 Qxd1 12. Rxd1 b6 13. g4 Ba6 14. f5 gxf5 15.
exf5 Bxc4 16. f6 Nd5 17. Nd2 Be2 18. Re1 Bxg4 19. c4 Ndb4 20. Re3 Bf5 21. Rg3+
Bg6 22. a3 Nc2 23. Bxc6 Nxa1 24. Bxa8 Rxa8 25. h4 h5 26. Nf3 Rd8 27. Bh6 Kh7
28. Bf4 Rd3 29. Kf2 Nc2 30. a4 Nd4 31. Ne5 Rxg3 32. Kxg3 Kg8 33. Bd2 Bc2 34. a5
Nb3 35. axb6 axb6 36. Be3 Na5 37. Kf4 Bb3 38. Kg5 Bxc4 39. Kxh5 Be2+ 40. Kg5
Nc4 41. Nxc4 Bxc4 42. Bf4 Bd3 43. Bc7 b5 44. Bd6 c4 45. Bb4 e5 46. Kh6 e4 47.
Kg5 e3 48. Kf4 e2 49. Kg5 Kh7 1/2-1/2

[Event "Czech Republic (ch)"]
[Site "Kunzak, Czech Republic"]
[Date "2001.05.08"]
[Round "1"]
[White "Vrana, Frantisek"]
[Black "Kalod, Radek"]
[Result "0-1"]
[WhiteElo "2259"]
[BlackElo "2495"]
[PlyCount "138"]
[EventDate "2001.05.08"]
[SourceDate "2001.05.08"]

1. e4 c5 2. Nf3 d6 3. g3 Nf6 4. Nc3 Nc6 5. Bg2 g6 6. d4 cxd4 7. Nxd4 Nxd4 8.
Qxd4 Bg7 9. O-O O-O 10. Qd1 Bg4 11. f3 Qb6+ 12. Kh1 Be6 13. Nd5 Bxd5 14. exd5
Rfe8 15. Re1 h5 16. c4 Rac8 17. Bf1 Nd7 18. Bh3 Rc7 19. Qa4 Qf2 20. Rf1 Qe2 21.
Bg5 Rxc4 22. Rae1 Rxa4 23. Rxe2 Nb6 24. b3 Ra5 25. Rxe7 Rxe7 26. Bxe7 Nxd5 27.
Bxd6 Rxa2 28. Re1 Bd4 29. Be5 Bxe5 30. Rxe5 Rd2 31. Bf1 Nb6 32. f4 Kg7 33. Kg1
Kf6 34. Ra5 a6 35. b4 Rb2 36. Bg2 Nc4 37. Rc5 Rxb4 38. Bxb7 Rxb7 39. Rxc4 Ra7
40. Ra4 a5 41. Kf2 Ke6 42. Ke3 Kd5 43. Kd3 Kc5 44. f5 Kb5 45. Re4 Rc7 46. fxg6
fxg6 47. g4 a4 48. gxh5 gxh5 49. Re8 Rc5 50. Kd4 Kb4 51. Re1 Rc4+ 52. Kd3 Rc3+
53. Kd2 a3 54. Re8 Rh3 55. Kc1 Rxh2 56. Kb1 Rh3 57. Rh8 Kb3 58. Rb8+ Kc4 59.
Ka2 h4 60. Rh8 Kd4 61. Rd8+ Ke4 62. Re8+ Kf4 63. Rh8 Kg4 64. Rg8+ Kf3 65. Rh8
Kg2 66. Rh7 Rh1 67. Rh8 h3 68. Kxa3 Rg1 69. Ka2 h2 0-1

[Event "Czech Republic (ch)"]
[Site "Kunzak, Czech Republic"]
[Date "2001.05.08"]
[Round "1"]
[White "Gross, David"]
[Black "Hausner, Ivan"]
[Result "1/2-1/2"]
[WhiteElo "2461"]
[BlackElo "2430"]
[PlyCount "30"]
[EventDate "2001.05.08"]
[SourceDate "2001.05.08"]

1. e4 e6 2. d4 d5 3. Nc3 Bb4 4. e5 Qd7 5. a3 Bxc3+ 6. bxc3 b6 7. a4 Ba6 8. Bxa6
Nxa6 9. Qd3 Nb8 10. Nf3 Nc6 11. O-O Na5 12. Ba3 Ne7 13. Rfb1 Nc4 14. Nd2 Nxa3
15. Rxa3 Nc6 1/2-1/2

[Event "Czech Republic (ch)"]
[Site "Kunzak, Czech Republic"]
[Date "2001.05.08"]
[Round "1"]
[White "Meduna, Eduard"]
[Black "Cvek, Robert"]
[Result "1-0"]
[WhiteElo "2483"]
[BlackElo "2406"]
[PlyCount "97"]
[EventDate "2001.05.08"]
[SourceDate "2001.05.08"]

1. d4 Nf6 2. c4 e6 3. Nf3 b6 4. Bf4 Bb7 5. e3 Bb4+ 6. Nfd2 O-O 7. a3 Bxd2+ 8.
Qxd2 d6 9. Nc3 Nbd7 10. O-O-O Re8 11. f3 e5 12. Bg3 Qe7 13. e4 c6 14. Be2 Nf8
15. Rhe1 Rad8 16. d5 Rc8 17. Kb1 c5 18. Bf2 a6 19. g3 Ra8 20. Bf1 Reb8 21. f4
Bc8 22. fxe5 Qxe5 23. Be3 Ng6 24. Bf4 Qe7 25. e5 dxe5 26. d6 Bf5+ 27. Ka1 Qe6
28. Bg2 Ra7 29. h3 Bxh3 30. Bxh3 Qxh3 31. Bxe5 Nxe5 32. Rxe5 Rd8 33. Qe3 h6 34.
Nd5 Rxd6 35. Nxf6+ Rxf6 36. Rd8+ Kh7 37. Qe4+ g6 38. Ree8 Re6 39. Rh8+ Kg7 40.
Qf4 Qf5 41. Qxh6+ Kf6 42. Rd1 Rd7 43. Qh4+ Kg7 44. Rh1 g5 45. Rg8+ Kf6 46. Qh8+
Ke7 47. Re8+ Kd6 48. Rd1+ Kc6 49. Rc8+ 1-0

[Event "Czech Republic (ch)"]
[Site "Kunzak, Czech Republic"]
[Date "2001.05.09"]
[Round "2"]
[White "Konopka, Michal"]
[Black "Meduna, Eduard"]
[Result "1/2-1/2"]
[WhiteElo "2507"]
[BlackElo "2483"]
[PlyCount "24"]
[EventDate "2001.05.08"]
[SourceDate "2001.05.08"]

1. Nf3 Nf6 2. c4 c6 3. d4 d5 4. Nc3 dxc4 5. a4 Bf5 6. Nh4 e6 7. Nxf5 exf5 8. e3
Bd6 9. Bxc4 Qe7 10. h3 h5 11. Qc2 g6 12. Bd2 Nbd7 1/2-1/2

[Event "Czech Republic (ch)"]
[Site "Kunzak, Czech Republic"]
[Date "2001.05.09"]
[Round "2"]
[White "Hausner, Ivan"]
[Black "Blatny, Pavel"]
[Result "0-1"]
[WhiteElo "2430"]
[BlackElo "2547"]
[PlyCount "98"]
[EventDate "2001.05.08"]
[SourceDate "2001.05.08"]

1. d4 d5 2. Nf3 e6 3. Nbd2 f5 4. g3 Nd7 5. Bg2 Bd6 6. c4 c6 7. Qc2 Ne7 8. b3
O-O 9. Bb2 b6 10. O-O Qe8 11. Ne5 Nf6 12. Ndf3 h6 13. a4 a5 14. Ba3 Bxa3 15.
Rxa3 Ba6 16. Nd3 Nd7 17. Raa1 Rc8 18. Rac1 c5 19. Nf4 dxc4 20. bxc4 Nc6 21. d5
Nb4 22. Qb2 exd5 23. cxd5 Rf6 24. Rfd1 c4 25. Ne6 Nf8 26. Nxf8 Kxf8 27. Ne5
Qxa4 28. d6 c3 29. d7 Qxd1+ 30. Rxd1 cxb2 31. dxc8=Q+ Bxc8 32. Rb1 b5 33. Rxb2
Rd6 34. f4 Rd1+ 35. Kf2 Be6 36. Bf3 Bc4 37. Bh5 Ke7 38. Bg6 Kf6 39. h3 Bd5 40.
Be8 Bc4 41. Bg6 Rd8 42. Bh5 g5 43. Bf3 Rd1 44. Bb7 Rd4 45. Ke3 Rd6 46. Bf3 Bd5
47. Bh5 Be4 48. Kf2 Rd4 49. Be8 a4 0-1

[Event "Czech Republic (ch)"]
[Site "Kunzak, Czech Republic"]
[Date "2001.05.09"]
[Round "2"]
[White "Kalod, Radek"]
[Black "Gross, David"]
[Result "0-1"]
[WhiteElo "2495"]
[BlackElo "2461"]
[PlyCount "110"]
[EventDate "2001.05.08"]
[SourceDate "2001.05.08"]

1. Nf3 Nf6 2. c4 g6 3. Nc3 Bg7 4. d4 O-O 5. e4 d6 6. Be2 e5 7. O-O Nc6 8. d5
Ne7 9. b4 Kh8 10. c5 Neg8 11. Nd2 Ne8 12. a4 f5 13. Ba3 Nh6 14. b5 f4 15. Nc4
g5 16. g4 fxg3 17. fxg3 Bh3 18. Rxf8+ Bxf8 19. c6 b6 20. Qd2 Bg7 21. a5 Rb8 22.
a6 Qf6 23. Re1 Qg6 24. Bf1 g4 25. Bc1 Nf7 26. Qf2 Nf6 27. Bxh3 gxh3 28. Qf5 Bh6
29. Rf1 Kg7 30. Ne3 Ng5 31. Qf2 Ngxe4 32. Nxe4 Nxe4 33. Nf5+ Kh8 34. Qf3 Bxc1
35. Nh4 Qh6 36. Qxe4 Rg8 37. Kh1 Qd2 38. Qf3 Qg5 39. Nf5 Bd2 40. Rd1 Bb4 41.
Qe4 Bc5 42. Rf1 Rf8 43. Qd3 Qg4 44. Rf4 Qg6 45. Rf3 h5 46. Qe4 Qg4 47. Qxg4
hxg4 48. Rf1 Kh7 49. Ne3 Rf3 50. Rxf3 gxf3 51. Nf1 f2 52. g4 e4 53. g5 e3 54.
g6+ Kg8 55. g7 e2 0-1

[Event "Czech Republic (ch)"]
[Site "Kunzak, Czech Republic"]
[Date "2001.05.09"]
[Round "2"]
[White "Navara, David"]
[Black "Vrana, Frantisek"]
[Result "1-0"]
[WhiteElo "2479"]
[BlackElo "2259"]
[PlyCount "51"]
[EventDate "2001.05.08"]
[SourceDate "2001.05.08"]

1. e4 e6 2. d4 d5 3. Nd2 dxe4 4. Nxe4 Nd7 5. Nf3 Ngf6 6. Bd3 Nxe4 7. Bxe4 Nf6
8. Bd3 c5 9. O-O cxd4 10. Nxd4 Be7 11. c3 O-O 12. Qe2 Bd7 13. Bg5 Qb6 14. Rad1
Rfe8 15. Nf3 Red8 16. Ne5 Be8 17. Rfe1 Rac8 18. h4 Qc7 19. Ng4 Nxg4 20. Qxg4
Rd5 21. Bxe7 f5 22. Qb4 a5 23. Qa3 h6 24. c4 Rd7 25. Rxe6 Bh5 26. Rde1 1-0

[Event "Czech Republic (ch)"]
[Site "Kunzak, Czech Republic"]
[Date "2001.05.09"]
[Round "2"]
[White "Dobrovolsky, Ladislav"]
[Black "Vokac, Marek"]
[Result "1/2-1/2"]
[WhiteElo "2392"]
[BlackElo "2480"]
[PlyCount "175"]
[EventDate "2001.05.08"]
[SourceDate "2001.05.08"]

1. e4 c5 2. Nf3 d6 3. Bb5+ Bd7 4. Bxd7+ Qxd7 5. O-O Nc6 6. c3 Nf6 7. d4 cxd4 8.
cxd4 d5 9. e5 Ne4 10. Ne1 h6 11. Be3 e6 12. f3 Ng5 13. Nc3 Be7 14. Qd3 Nh7 15.
f4 O-O 16. Nf3 f6 17. exf6 Rxf6 18. Ne5 Qe8 19. f5 Bd6 20. Ng4 Rf8 21. Bxh6 Qh5
22. Qe3 Rae8 23. Bf4 Bxf4 24. Rxf4 exf5 25. Ne5 Nf6 26. h3 Qh6 27. Rd1 Nd7 28.
Qf3 Ndxe5 29. dxe5 d4 30. Nb5 Rxe5 31. Nxd4 Nxd4 32. Rdxd4 Qb6 33. Qb3+ Qxb3
34. axb3 Rf7 35. Kf2 g5 36. Rf3 Kg7 37. Rd6 Rfe7 38. Rd2 Kf6 39. Rfd3 f4 40.
Rd6+ R7e6 41. Rxe6+ Rxe6 42. Rd7 Rb6 43. Rd3 Kf5 44. Kf3 Rb5 45. Rc3 a5 46. Rd3
b6 47. g3 fxg3 48. Kxg3 Rb4 49. Kf3 Kg6 50. Kg3 Kh5 51. Kg2 b5 52. Kg3 Re4 53.
Kf3 Rf4+ 54. Kg3 Rb4 55. Rf3 Rd4 56. Rf5 Rd3+ 57. Rf3 Rd5 58. Rf8 Kg6 59. Ra8 (
59. Rf3 Rd2 60. Rf2 Rxf2 61. Kxf2 Kf5 (61... Kf6 62. Kf3 Kf5 63. Kg3 a4 64.
bxa4 bxa4 65. Kf3 Ke5 66. Kg4 Kf6 67. Kf3 (67. Kg3 $142 $11) 67... Kf5 68. Kg3
Ke4 69. Kg4 Kd3 70. Kxg5 Kc2 71. h4 Kxb2 72. h5 $11) 62. Kf3 a4 63. b4) 59...
Rd3+ 60. Kg4 Rd4+ 61. Kg3 Rb4 62. Rxa5 Rxb3+ 63. Kg4 Rb4+ 64. Kg3 Kf5 (64...
Rxb2 65. Ra6+ Kf5 66. Rb6 Rb3+ 67. Kg2 b4 68. Rb8 Ke4 69. Rg8 (69. Rb5 Kf4 70.
Kf2 Rb2+ (70... Rb1 71. Ke2 b3 72. Kd2 (72. Kf2 Rb2+ (72... b2 73. Rb4+ Kf5 74.
Kg2 Ke5 75. Rb8 $11)) 72... b2 73. Rb4+ Kg3 74. Rb3+ Kh4) 71. Ke1) 69... Rc3
70. Rxg5 b3 71. Rb5 Kd3 72. h4 Kc2 73. Rf5 b2 74. Rf2+ Kb3 75. Rf1 Ka2 76. Rf2
Ka1) 65. Ra3 Rxb2 66. Rf3+ Ke4 67. Rf8 Rc2 68. Re8+ Kd4 69. Rd8+ Kc4 70. Rg8 b4
71. Rxg5 b3 (71... Rc1 72. Rf5 (72. Kh4 b3 73. Rg2 Rc2 (73... Kc3 74. Kg5 b2
75. Rxb2 Kxb2 76. h4 Rg1+ 77. Kf6 Rh1 78. Kg5 Kc3 79. h5 Kd4 80. Kg6 Ke5 81. h6
Ke6 82. Kg7 Rg1+ 83. Kf8) 74. Rg1 b2 75. Rb1 Kc3 76. Kg5 $1 (76. Kg4 Rc1 77.
Rxb2 Kxb2 78. h4 Kc3 79. h5 Kd4 80. Kg5 Ke5 81. Kg6 Ke6) 76... Rg2+ 77. Kf5 Rh2
78. Kg4 Kc2 79. Rg1) 72... b3 73. Rf2 Kc3 74. h4 b2 75. Rxb2 Kxb2 76. Kg4 Kc3
77. h5 Kd4 78. h6) 72. Rg8 Rc3+ 73. Kg4 b2 74. Rc8+ Kd3 75. Rb8 Kc2 76. Rxb2+
Kxb2 77. h4 Rc1 78. h5 Kc3 79. h6 Rh1 80. Kg5 Kd4 81. Kg6 Ke5 82. h7 Ke6 83.
Kg7 Rg1+ 84. Kf8 Rf1+ 85. Kg8 Rg1+ 86. Kf8 Rh1 87. Kg7 Rxh7+ 88. Kxh7 1/2-1/2

[Event "Czech Republic (ch)"]
[Site "Kunzak, Czech Republic"]
[Date "2001.05.10"]
[Round "3"]
[White "Vrana, Frantisek"]
[Black "Dobrovolsky, Ladislav"]
[Result "1-0"]
[WhiteElo "2259"]
[BlackElo "2392"]
[PlyCount "67"]
[EventDate "2001.05.08"]
[SourceDate "2001.05.08"]

1. e4 d5 2. exd5 Qxd5 3. Nc3 Qa5 4. d4 Nf6 5. Nf3 Bf5 6. Ne5 c6 7. g4 Be6 8.
Bc4 Bxc4 9. Nxc4 Qa6 10. Qe2 e6 11. g5 Nd5 12. Ne4 b5 13. Ncd6+ Bxd6 14. Nxd6+
Ke7 15. Qe5 f6 16. gxf6+ gxf6 17. Nf5+ Kf7 18. Nh6+ Ke7 19. Qg3 Rf8 20. Bf4
Qa5+ 21. c3 Nxf4 22. Qxf4 b4 23. Rg1 bxc3 24. Rg7+ Ke8 25. Qd6 cxb2+ 26. Ke2
Qb5+ 27. Ke3 Qg5+ 28. Rxg5 bxa1=Q 29. Rg7 {#} 29... Qc3+ 30. Ke4 f5+ 31. Kf4
Qd2+ (31... Qc1+ 32. Kf3 Qh1+ 33. Ke2 Qe4+ 34. Kd2 Qh4 35. Qxe6+ Kd8 36. Qd6+
Ke8 37. Qe5+ Kd8 38. Qc7+ Ke8 39. Qc8+ Qd8 40. Qe6+ Qe7 41. Qxe7#) 32. Kg3 Qd3+
33. f3 f4+ 34. Kh4 1-0

[Event "Czech Republic (ch)"]
[Site "Kunzak, Czech Republic"]
[Date "2001.05.10"]
[Round "3"]
[White "Gross, David"]
[Black "Navara, David"]
[Result "0-1"]
[WhiteElo "2461"]
[BlackElo "2479"]
[PlyCount "172"]
[EventDate "2001.05.08"]
[SourceDate "2001.05.08"]

1. Nf3 Nf6 2. g3 g6 3. Bg2 Bg7 4. O-O d5 5. d3 O-O 6. Nbd2 c5 7. e4 Nc6 8. Re1
e5 9. exd5 Nxd5 10. Nc4 Re8 11. a4 h6 12. c3 Qc7 13. Nfd2 Be6 14. Ne4 b6 15. a5
Rad8 16. Qa4 Kf8 17. Qb5 Nce7 18. axb6 axb6 19. Ra6 Rb8 20. Qb3 Red8 21. Qa3
Nc6 22. Ne3 Kg8 23. Nxd5 Bxd5 24. c4 Bxe4 25. Bxe4 Nb4 26. Ra7 Qd6 27. Rd1 f5
28. Bf3 Kh7 29. Qc3 Rd7 30. Rxd7 Qxd7 31. Qb3 Rd8 32. Bd2 Nxd3 33. Bd5 e4 34.
Qxb6 Nxb2 35. Rc1 Nxc4 36. Bxc4 Qxd2 37. Rf1 Qd6 38. Qa7 Rb8 39. Qf7 h5 40. Ra1
Rf8 41. Qb7 Qd4 42. Ra7 f4 43. g4 hxg4 44. Qe7 Rf5 45. Rd7 Qa1+ 46. Bf1 Qe5 47.
Bc4 Qxe7 48. Rxe7 Re5 49. Rxe5 Bxe5 50. Be6 g3 51. hxg3 fxg3 52. fxg3 Bxg3 {#}
53. Kg2 Bf4 54. Bd5 e3 55. Kf3 g5 56. Bc4 Kg6 57. Ke4 Kf6 58. Be2 Ke6 59. Bc4+
Kd6 60. Bb5 Kc7 61. Be2 Kc6 62. Kd3 Kd5 63. Bf3+ Ke5 64. Bg4 Bh2 65. Kxe3 Bg1+
66. Kd3 Kf4 67. Be6 Kf3 68. Bd5+ Kg3 69. Be6 g4 70. Ke4 Kh4 71. Kf4 Bh2+ 72.
Ke4 Bd6 73. Ke3 g3 74. Kf3 Bc7 75. Ke2 Kg5 (75... c4 $2 76. Bxc4 g2 77. Kf2 Kh3
78. Bf1 $3 Bb6+ 79. Ke2 $11) 76. Bd5 Kg4 77. Bg2 c4 78. Ke3 c3 79. Kd3 Be5 80.
Kc2 Kf5 81. Kd3 Ke6 82. Bf3 Kd6 83. Bg2 Kc5 84. Bf1 Kb4 85. Kc2 Bf6 86. Bg2 Kc4
0-1

[Event "Czech Republic (ch)"]
[Site "Kunzak, Czech Republic"]
[Date "2001.05.10"]
[Round "3"]
[White "Meduna, Eduard"]
[Black "Hausner, Ivan"]
[Result "1-0"]
[WhiteElo "2483"]
[BlackElo "2430"]
[PlyCount "131"]
[EventDate "2001.05.08"]
[SourceDate "2001.05.08"]

1. d4 Nf6 2. c4 g6 3. Nc3 Bg7 4. e4 d6 5. Be2 Nbd7 6. Nf3 e5 7. O-O O-O 8. Be3
c6 9. Qc2 Ng4 10. Bg5 f6 11. Bh4 h5 12. dxe5 dxe5 13. Bg3 Qe7 14. Rad1 Nh6 15.
Na4 Nc5 16. Nxc5 Qxc5 17. Ne1 Be6 18. b3 Nf7 19. Nd3 Qb6 20. c5 Qc7 21. f4 Qc8
22. f5 gxf5 23. exf5 Bxf5 24. Bxh5 Qe6 25. Qe2 Rad8 26. Nf2 Qe7 27. b4 a5 28.
a3 axb4 29. axb4 Rxd1 30. Nxd1 Be6 31. Ne3 Nh6 32. Bh4 Bf7 33. Bxf7+ Qxf7 34.
Bg5 Qd7 35. Bxh6 Bxh6 36. Nf5 Qd2 37. Qg4+ Kh7 38. Rd1 Rg8 39. Rxd2 Rxg4 40.
Rd7+ Kg6 41. Ne7+ Kh5 42. Rxb7 Rc4 43. Nxc6 Rc2 44. Kf1 Be3 45. Rg7 Bg5 46. Ne7
Kg4 47. c6 e4 48. Rxg5+ fxg5 49. b5 e3 50. b6 Rf2+ 51. Ke1 Rxg2 52. Ng6 Kf3 53.
Ne5+ Ke4 54. b7 Rg1+ 55. Ke2 Rg2+ 56. Kf1 e2+ 57. Kxg2 e1=Q 58. b8=Q Qe2+ 59.
Kg3 Qe1+ 60. Kh3 Qf1+ 61. Kg4 Qf5+ 62. Kh5 g4+ 63. Kh4 Qf6+ 64. Kh5 Qf5+ 65.
Kh6 Qf6+ 66. Ng6 1-0

[Event "Czech Republic (ch)"]
[Site "Kunzak, Czech Republic"]
[Date "2001.05.10"]
[Round "3"]
[White "Cvek, Robert"]
[Black "Konopka, Michal"]
[Result "1/2-1/2"]
[WhiteElo "2406"]
[BlackElo "2507"]
[PlyCount "38"]
[EventDate "2001.05.08"]
[SourceDate "2001.05.08"]

1. Nf3 d5 2. b3 Nf6 3. Bb2 g6 4. c4 dxc4 5. bxc4 Bg7 6. g3 b6 7. Bg2 Bb7 8. O-O
c5 9. d3 O-O 10. Nc3 Nc6 11. Rb1 Qd7 12. Nd2 Nd4 13. Bxb7 Qxb7 14. e3 Ne6 15.
e4 Nd4 16. Nb3 Nxb3 17. axb3 Qd7 18. Qe2 Rfd8 19. Rfd1 Ne8 1/2-1/2

[Event "Czech Republic (ch)"]
[Site "Kunzak, Czech Republic"]
[Date "2001.05.11"]
[Round "4"]
[White "Hausner, Ivan"]
[Black "Cvek, Robert"]
[Result "1/2-1/2"]
[WhiteElo "2430"]
[BlackElo "2406"]
[PlyCount "51"]
[EventDate "2001.05.08"]
[SourceDate "2001.05.08"]

1. d4 Nf6 2. c4 e6 3. g3 d5 4. Nf3 Be7 5. Bg2 c6 6. O-O O-O 7. Qc2 Nbd7 8. b3
b6 9. Bb2 Ba6 10. Nbd2 b5 11. c5 b4 12. Rfe1 Bb5 13. a4 bxa3 14. Rxa3 Qc7 15.
e4 dxe4 16. Nxe4 Nxe4 17. Qxe4 Nf6 18. Qe5 Qb7 19. Rea1 Rfd8 20. Qe1 Nd5 21.
Ne5 Bf8 22. h4 g6 23. h5 Bg7 24. hxg6 hxg6 25. Rd1 Qc7 26. Qe4 1/2-1/2

[Event "Czech Republic (ch)"]
[Site "Kunzak, Czech Republic"]
[Date "2001.05.11"]
[Round "4"]
[White "Kalod, Radek"]
[Black "Meduna, Eduard"]
[Result "0-1"]
[WhiteElo "2495"]
[BlackElo "2483"]
[PlyCount "78"]
[EventDate "2001.05.08"]
[SourceDate "2001.05.08"]

1. Nf3 Nf6 2. c4 c6 3. Nc3 d5 4. e3 Bg4 5. h3 Bxf3 6. Qxf3 e6 7. d4 a6 8. Bd2
b5 9. c5 Nbd7 10. g4 g6 11. O-O-O Bg7 12. h4 h5 13. g5 Ng8 14. Kb1 Ne7 15. Bc1
Nf5 16. Ne2 O-O 17. Bg2 f6 18. Qh3 e5 19. e4 Nxd4 20. Nxd4 exd4 21. exd5 Nxc5
22. Rxd4 fxg5 23. Bxg5 Qe8 24. Be3 Bxd4 25. Bxd4 Ne4 26. Qe6+ Qxe6 27. dxe6
Nd2+ 28. Kc1 Nf3 29. Bc3 Rf4 30. Rh3 Nd4 31. Bxd4 Rxd4 32. Bxc6 Rc8 33. Rc3 Kf8
34. Kc2 b4 35. Rc5 Rd6 36. Kb3 Rcxc6 37. Re5 Rxe6 38. Rg5 Re4 39. Rg3 Rxh4 0-1

[Event "Czech Republic (ch)"]
[Site "Kunzak, Czech Republic"]
[Date "2001.05.11"]
[Round "4"]
[White "Navara, David"]
[Black "Blatny, Pavel"]
[Result "1/2-1/2"]
[WhiteElo "2479"]
[BlackElo "2547"]
[PlyCount "103"]
[EventDate "2001.05.08"]
[SourceDate "2001.05.08"]

1. e4 e5 2. Nf3 Nc6 3. Bb5 a6 4. Ba4 Nf6 5. O-O Be7 6. Re1 b5 7. Bb3 O-O 8. h3
Bb7 9. d3 d6 10. a3 Nd7 11. Nc3 Kh8 12. Bd2 Nc5 13. Bd5 Bf6 14. b4 Ne6 15. a4
Qd7 16. Qb1 Nf4 17. axb5 axb5 18. Rxa8 Bxa8 19. Bxf4 exf4 20. Nxb5 Ne7 21. Bc4
Rb8 22. Nbd4 c5 23. Nb5 d5 24. exd5 Nxd5 25. Ne5 Bxe5 26. Rxe5 f6 27. Re4 Bc6
28. Qe1 f3 29. Bxd5 Bxd5 30. Re7 Qxb5 31. c4 Qxb4 32. cxd5 Qxe1+ 33. Rxe1 Kg8
34. Rc1 Rc8 35. Rc4 Rd8 36. Rxc5 fxg2 37. Kxg2 g5 38. Kf3 Kf7 39. Ke4 Re8+ 40.
Kd4 Re2 41. Rc7+ Ke8 42. Rxh7 Rxf2 43. Kc5 Ra2 44. d4 Ra5+ 45. Kc6 Ra6+ 46. Kb5
Rd6 47. Kc5 Rd7 48. Rh8+ Ke7 49. Rc8 Ra7 50. Kb6 Ra3 51. Rc6 Kd7 52. Rxf6
1/2-1/2

[Event "Czech Republic (ch)"]
[Site "Kunzak, Czech Republic"]
[Date "2001.05.11"]
[Round "4"]
[White "Dobrovolsky, Ladislav"]
[Black "Gross, David"]
[Result "0-1"]
[WhiteElo "2392"]
[BlackElo "2461"]
[PlyCount "80"]
[EventDate "2001.05.08"]
[SourceDate "2001.05.08"]

1. Nf3 Nf6 2. g3 g6 3. b3 Bg7 4. Bb2 d6 5. d4 O-O 6. Bg2 e5 7. dxe5 Ng4 8. O-O
Nd7 9. c4 Ngxe5 10. Nc3 Re8 11. Qc2 Nxf3+ 12. Bxf3 Nc5 13. Rfe1 Bf5 14. e4 Bh3
15. Re3 c6 16. Rd1 Qe7 17. Ne2 Ne6 18. Bxg7 Kxg7 19. Qc3+ f6 20. Nf4 Nxf4 21.
gxf4 Rad8 22. Red3 Rd7 23. Qd2 Red8 24. a4 Qe6 25. Qe2 a5 26. Kh1 Re7 27. Qd2
Bg4 28. Bxg4 Qxg4 29. f3 Qh5 30. Qf2 Red7 31. Kg2 Kf7 32. c5 d5 33. Qd2 Qh4 34.
Rd4 g5 35. Qxa5 g4 36. Qd2 Qh3+ 37. Kh1 gxf3 38. e5 Rg8 39. Rg1 Rxg1+ 40. Kxg1
Rd8 0-1

[Event "Czech Republic (ch)"]
[Site "Kunzak, Czech Republic"]
[Date "2001.05.11"]
[Round "4"]
[White "Vokac, Marek"]
[Black "Vrana, Frantisek"]
[Result "0-1"]
[WhiteElo "2480"]
[BlackElo "2259"]
[PlyCount "96"]
[EventDate "2001.05.08"]
[SourceDate "2001.05.08"]

1. d4 f5 2. c4 Nf6 3. Nf3 g6 4. Nc3 Bg7 5. g3 O-O 6. Bg2 d6 7. O-O c6 8. d5 Qe8
9. Nd4 Bd7 10. Rb1 Na6 11. dxc6 bxc6 12. b4 Rc8 13. Nc2 Qf7 14. Ne3 f4 15. gxf4
Nh5 16. Ne4 Nxf4 17. Bf3 Nc7 18. Kh1 Nce6 19. Ng2 Nxg2 20. Bxg2 Nf4 21. Bxf4
Qxf4 22. e3 Qh4 23. f4 Bf5 24. Rb3 Be6 25. Qe2 h6 26. Ra3 g5 27. Ng3 Bg4 28.
Qd3 gxf4 29. exf4 Rb8 30. b5 cxb5 31. cxb5 Bd7 32. Qg6 Be8 33. Qe6+ Bf7 34. Qe2
Be8 35. Rxa7 Bxb5 36. Qe6+ Kh8 37. Re1 Bf6 38. Nf5 Qxf4 39. Nxe7 Bd3 40. Nd5
Qf2 41. Nxf6 Rxf6 42. Qe8+ Rf8 43. Qe7 Rf7 44. Qe6 Rxa7 45. Rg1 Rg7 46. Qxh6+
Bh7 47. Qc1 Qxg1+ 48. Qxg1 Rb1 0-1

[Event "Czech Republic (ch)"]
[Site "Kunzak, Czech Republic"]
[Date "2001.05.12"]
[Round "5"]
[White "Gross, David"]
[Black "Vokac, Marek"]
[Result "1/2-1/2"]
[WhiteElo "2461"]
[BlackElo "2480"]
[PlyCount "87"]
[EventDate "2001.05.08"]
[SourceDate "2001.05.08"]

1. e4 g6 2. d4 Bg7 3. Nc3 d6 4. Be3 a6 5. Qd2 b5 6. f3 Nd7 7. Nh3 Bb7 8. Nf2 c5
9. Be2 cxd4 10. Bxd4 Ngf6 11. O-O O-O 12. a4 b4 13. Nd5 Nxd5 14. Bxg7 Kxg7 15.
exd5 Nf6 16. Qxb4 Bxd5 17. a5 Qc7 18. c4 Be6 19. Qc3 Rfc8 20. Rfc1 Qa7 21. b3
Rab8 22. Rab1 Kg8 23. Qd2 Rc7 24. Bf1 Rbc8 25. Kh1 d5 26. cxd5 Rxc1 27. Rxc1
Rxc1 28. Qxc1 Bxd5 29. Nd3 Bxb3 30. Qc8+ $2 Kg7 31. Nc5 Bd5 32. Bxa6 h5 33. h4
$138 e5 34. Kh2 e4 35. fxe4 Bxe4 (35... Qe7 36. exd5 Ng4+ 37. Kh3 Qe3+ 38. g3
Qf2 39. Ne6+ fxe6 40. Qc7+ $11) 36. Nxe4 Nxe4 37. Bd3 Nf6 (37... Qxa5 38. Bxe4
Qe5+ 39. g3 Qxe4 $15) 38. Qc3 Qf2 39. Kh3 Kh7 $2 $138 (39... Kg8 $1) (39...
Qe3+ 40. Kh2 (40. g3 $2 Qf3 41. Kh2 Kg8 $19) 40... Qf4+ (40... Qf2 $142 $138)
41. Kg1 Qxh4 42. a6 Qa4 43. Bf1 $44) 40. Qe5 Kg8 41. Qb8+ Kg7 42. Qe5 Kg8 43.
Qb8+ Kg7 44. Qe5 1/2-1/2

[Event "Czech Republic (ch)"]
[Site "Kunzak, Czech Republic"]
[Date "2001.05.12"]
[Round "5"]
[White "Blatny, Pavel"]
[Black "Dobrovolsky, Ladislav"]
[Result "0-1"]
[WhiteElo "2547"]
[BlackElo "2392"]
[PlyCount "110"]
[EventDate "2001.05.08"]
[SourceDate "2001.05.08"]

1. e4 d5 2. exd5 Qxd5 3. Nc3 Qa5 4. d4 Nf6 5. Bc4 Bf5 6. Bd2 c6 7. Nf3 e6 8.
Nd5 Qd8 9. Nxf6+ gxf6 10. Bb3 h5 11. Qe2 h4 12. h3 Be7 13. c4 Nd7 14. Bc3 Qc7
15. Bc2 Bxc2 16. Qxc2 Rg8 17. Rg1 Qf4 18. Qe2 f5 19. Bd2 Qe4 20. Kf1 O-O-O 21.
Re1 Qxe2+ 22. Kxe2 Bf6 23. Bc3 c5 24. Rd1 cxd4 25. Nxd4 Be5 26. Rc1 Nc5 27. Nf3
Bxc3 28. Rxc3 Ne4 29. Rc2 Ng5 30. Nxg5 Rxg5 31. Rd2 Rxd2+ 32. Kxd2 f4 33. Ke2
e5 34. Kf3 Kd7 35. Rd1+ Ke6 36. Rd5 f6 37. a4 Rg7 38. a5 Rc7 39. b3 Kf5 40. Rd8
Rc5 41. a6 bxa6 42. Ke2 a5 43. Kd3 a4 44. bxa4 Ra5 45. f3 Rxa4 46. c5 Rd4+ 47.
Rxd4 exd4 48. Kxd4 Ke6 49. Kc4 a6 50. Kd4 Kd7 51. Kd5 Kc7 52. Ke4 a5 53. Kd5 a4
54. Kc4 Kc6 55. Kb4 a3 0-1

[Event "Czech Republic (ch)"]
[Site "Kunzak, Czech Republic"]
[Date "2001.05.12"]
[Round "5"]
[White "Meduna, Eduard"]
[Black "Navara, David"]
[Result "1/2-1/2"]
[WhiteElo "2483"]
[BlackElo "2479"]
[PlyCount "44"]
[EventDate "2001.05.08"]
[SourceDate "2001.05.08"]

1. d4 Nf6 2. Nf3 g6 3. Bg5 Bg7 4. Nbd2 d5 5. e3 Nbd7 6. Be2 O-O 7. O-O c5 8. c3
b6 9. b4 cxb4 10. cxb4 Bb7 11. Rc1 a5 12. b5 Rc8 13. h3 Rxc1 14. Qxc1 Qb8 15.
Bf4 Qa8 16. Ne5 Nxe5 17. Bxe5 Rc8 18. Qb2 Ne4 19. Nxe4 dxe4 20. Bxg7 Kxg7 21.
Rc1 Rxc1+ 22. Qxc1 Qc8 1/2-1/2

[Event "Czech Republic (ch)"]
[Site "Kunzak, Czech Republic"]
[Date "2001.05.12"]
[Round "5"]
[White "Cvek, Robert"]
[Black "Kalod, Radek"]
[Result "1/2-1/2"]
[WhiteElo "2406"]
[BlackElo "2495"]
[PlyCount "72"]
[EventDate "2001.05.08"]
[SourceDate "2001.05.08"]

1. Nf3 Nf6 2. c4 g6 3. Nc3 d5 4. cxd5 Nxd5 5. e4 Nxc3 6. dxc3 Qxd1+ 7. Kxd1 f6
8. Kc2 e5 9. Be3 Be6 10. Nd2 Nd7 11. Bc4 Bxc4 12. Nxc4 Bc5 13. b4 Bxe3 14. Nxe3
Nb6 15. h4 h5 16. Rad1 a5 17. Kb3 Ke7 18. Nd5+ Nxd5 19. Rxd5 axb4 20. cxb4 Rhd8
21. Rhd1 Rxd5 22. Rxd5 c6 23. Rd3 b5 24. Rg3 Kf7 25. Rd3 Ke7 26. Rg3 Kf7 27.
Rc3 Ra6 28. Rd3 Ke7 29. a3 Ra7 30. Rg3 Kf7 31. Rc3 Ra6 32. Rd3 Ke7 33. Rg3 Kf7
34. Rd3 Ke7 35. Rg3 Kf7 36. Rd3 Ke7 1/2-1/2